000 00302nam a2200121Ia 4500
005 20251222175926.0
008 251222s9999||||xx |||||||||||||| ||spa||
082 _a343.034/A48
100 _aAlvarado Mairena, José
245 0 _aGestión Presupuestaria del Estado 2003
264 _bCIAT
942 _cLIB
999 _c40864
_d40864